[Event "Mitropa Cup 19th"]
[Site "Baden"]
[Date "1999.04.01"]
[Round "1"]
[White "Gallagher, Joseph G"]
[Black "Oral, Tomas"]
[Result "1-0"]
[WhiteElo "2519"]
[BlackElo "2521"]
[Annotator "Ftacnik,L"]
[PlyCount "57"]
[EventDate "1999.04.??"]
[EventType "team-tourn"]
[EventRounds "9"]
[EventCountry "SUI"]
[Source "ChessBase"]
[SourceDate "1999.08.01"]

1. e4 c5 2. Nf3 Nc6 3. d4 cxd4 4. Nxd4 Qc7 5. Nc3 e6 6. Be2 a6 7. O-O Nf6 8.
Be3 Be7 9. f4 d6 10. Qe1 O-O 11. Qg3 Nxd4 12. Bxd4 b5 13. a3 Bb7 14. Kh1 Bc6
15. Rad1 Qb7 16. Bf3 Rac8 (16... g6 17. f5 e5 18. Be3 Kh8 19. Bg5 Ng8 20. Be2
Bxg5 21. Qxg5 Rad8 22. Qh4 b4 23. axb4 Qxb4 24. Rd3 Qxb2 25. Rh3 h6 26. Qg5
Qxc3 27. Rxh6+ Kg7 28. f6+ Nxf6 29. Rh3 {1-0 Ivanovic,B-Hulak,K/Budva/1981/ 
(35)}) (16... a5 17. b4 (17. Rfe1 Rfd8 (17... Rac8 18. Rd3 b4 19. e5 dxe5 20.
fxe5 Nd7 21. Ne4 Qb8 22. Nd6 Bxd6 23. exd6 g6 24. Qh3 e5 25. Bxc6 Rxc6 26. Rxe5
Nxe5 27. Bxe5 {1-0 Gallagher,J-Arlandi,E/Baden/1999/ (43)}) 18. Nd5 exd5 19.
exd5 Be8 20. Rxe7 Qxe7 21. Re1 Qf8 22. Bxf6 Rd7 23. Be4 h6 24. Re3 Kh8 25. Qh3
gxf6 26. Qf5 Qg7 27. Rg3 {1-0 Yemelin,V-Dydyshko,V/Elista/1998/ (38)}) 17...
axb4 18. axb4 Ra3 19. Rd3 Rxc3 20. Rxc3 Bxe4 21. Ra3 Qd5 22. c3 Qc4 23. Rfa1
Bxf3 24. Qxf3 Nd5 25. Ra8 {1-0 Daniliuk,S-Yakkimainen,V/Elista/1995/ (32)}) (
16... Rad8 $5) 17. Rfe1 {White's set up will likely become popular again,
black needs real counterplay to compensate for the opponent's strong central
grip.} (17. e5 dxe5 18. Bxe5 Rfd8 19. f5 exf5 20. Rxd8+ Rxd8 21. Bxc6 Qxc6 22.
Rxf5 g6 23. Qf3 Qxf3 24. Rxf3 Ng4 25. Bf4 Bf6 {0-1 Cronin,A-Erenska Radzewska,
H/La Valetta/ 1980/ (42)}) (17. Rd3 b4 18. axb4 Qxb4 19. Rfd1 Qb7 20. Qe1 Rfd8
21. e5 dxe5 22. fxe5 Ne8 23. Ne4 Qc7 24. c3 {1/2-1/2 Krylov,S-Kempinski,R/
Elista/1998/ (30)}) 17... g6 18. Qh3 Rfd8 (18... b4 19. axb4 Qxb4 20. b3 $14)
19. Rd3 Ne8 $6 (19... a5 $5 20. b4 axb4 21. axb4 e5 (21... Ra8 $5 $13) 22. fxe5
dxe5 23. Bxe5 Rxd3 24. cxd3 Nd7 25. Bg4 Bxb4 26. Rb1 Re8 $14) 20. f5 $1 e5 21.
Be3 b4 22. axb4 Qxb4 23. Bd2 $1 Qb7 (23... Qxb2 $2 24. Rb1 Qxc2 (24... Qa3 25.
Nd5 Qa2 26. Nxe7+ Kf8 27. Rdb3 Kxe7 28. Bg5+ $18) 25. Bd1 Qxb1 26. Nxb1 Bxe4
27. fxg6 hxg6 28. Rb3 $18) 24. Bg4 $1 {Excellent idea, that brings white
squared bishop closer to the black king. Obviously check on a2-g8 diagonal at
any moment would be very unpleasant.} Rb8 25. fxg6 hxg6 (25... fxg6 26. Be6+
Kh8 27. Rg3 $16 (27. Nd5 Nf6 28. Rb3 $16)) 26. Rf3 Nf6 27. Ref1 d5 $6 (27...
Nxe4 $2 28. Rxf7 Ng5 29. Bxg5 $18) (27... Bxe4 28. Rxf6 Bxf6 29. Rxf6 Qxb2 (
29... Bxc2 30. Bg5 $18) 30. Kg1 $1 Qb6+ 31. Be3 Qb7 32. Rxf7 $1 Qxf7 (32...
Kxf7 33. Qh7+ Kf6 34. Nxe4+ Qxe4 35. Qh4+ Kf7 36. Be6+ Kxe6 37. Qxe4 $18) 33.
Be6 $18) 28. Bg5 (28. Rxf6 Bxf6 29. Rxf6 d4 (29... dxe4 30. Be6 Rxd2 31. Qh6
Rxg2 32. Kxg2 e3+ 33. Kg3 Be4 34. Nxe4 $18) 30. Be6 $18) 28... dxe4 (28... Nxg4
29. Rxf7 $18) 29. Rxf6 $1 (29. Rxf6 $1 Be8 30. Rxg6+ $1 fxg6 31. Be6+ $18) (29.
Bxf6 Bxf6 30. Rxf6 Rf8 31. Be6 Kg7 32. Rxf7+ Rxf7 33. Rxf7+ $18) 1-0

[Event "Mitropa Cup 19th"]
[Site "Baden"]
[Date "1999.04.01"]
[Round "1"]
[White "Jirovsky, Milos"]
[Black "Jenni, Florian"]
[Result "0-1"]
[WhiteElo "2459"]
[BlackElo "2394"]
[PlyCount "78"]
[EventDate "1999.04.??"]
[EventType "team-tourn"]
[EventRounds "9"]
[EventCountry "SUI"]
[Source "ChessBase"]
[SourceDate "1999.08.01"]

1. Nf3 Nf6 2. c4 g6 3. g3 Bg7 4. Bg2 d6 5. O-O O-O 6. d4 Nc6 7. Nc3 a6 8. b3
Rb8 9. Nd5 Nh5 10. Bb2 e6 11. Nf4 Nxf4 12. gxf4 b5 13. Rc1 Bb7 14. Qd2 Ne7 15.
c5 Qd7 16. e3 f5 17. Qa5 Bd5 18. cxd6 cxd6 19. Qc7 Qxc7 20. Rxc7 Rfe8 21. Rfc1
Bf8 22. Rd7 Red8 23. Rxd8 Rxd8 24. Ba3 h6 25. Rc7 a5 26. Nh4 b4 27. Bb2 Ra8 28.
a4 g5 29. fxg5 hxg5 30. Nf3 Bxb3 31. Nxg5 Rc8 32. Rxc8 Nxc8 33. d5 e5 34. e4 f4
35. Nf3 Nb6 36. Nxe5 Nxa4 37. Bd4 Nc3 38. Bf3 dxe5 39. Bxe5 Bd1 0-1

[Event "Mitropa Cup 19th"]
[Site "Baden"]
[Date "1999.04.01"]
[Round "1"]
[White "Manik, Mikulas"]
[Black "Arlandi, Ennio"]
[Result "1-0"]
[WhiteElo "2478"]
[BlackElo "2445"]
[Annotator "Atlas,V"]
[PlyCount "67"]
[EventDate "1999.04.??"]
[EventType "team-tourn"]
[EventRounds "9"]
[EventCountry "SUI"]
[Source "ChessBase"]
[SourceDate "1999.08.01"]

1. e4 c5 2. Nf3 e6 3. d4 cxd4 4. Nxd4 Nf6 5. Nc3 d6 6. g4 h6 7. h4 Be7 8. Rg1
d5 9. exd5 Nxd5 10. Nxd5 Qxd5 11. Be3 Nc6 (11... a6 12. Bg2 (12. g5 hxg5 13.
hxg5 e5 14. Nb3 Qxd1+ 15. Rxd1 Bf5 16. Bg2 Nc6 17. c3 Rd8 18. Rxd8+ Kxd8 19.
Bd5 Bg6 20. Nd2 Bd6 21. Rg4 Kc7 22. Nc4 b5 23. Nxd6 {1/2-1/2 Ljubojevic,L-Sax,
G/Luzern 1989/CBM 16 (23)}) 12... Qa5+ 13. c3 Bxh4 14. Rh1 Be7 15. Rh5 Qc7 16.
g5 Bd7 17. Qe2 Nc6 18. Nxc6 Bxc6 19. Bxc6+ Qxc6 20. O-O-O Rd8 21. Rxd8+ Kxd8
22. gxh6 gxh6 23. Rxh6 Rxh6 24. Bxh6 Ke8 {0-1 Martinovic,S-Jansa,V/Vrnjacka
Banja 1983/MCD (40)}) 12. Bg2 (12. g5 hxg5 13. hxg5 Bd7 14. c3 (14. Bg2 Qa5+
15. c3 O-O-O 16. Qb3 Qa6 17. Bf1 Nxd4 18. Bxd4 Qa5 19. Bg2 Qa6 20. Bf1 Qa5 21.
Bg2 Qa6 22. a4 Bc6 23. Bxc6 Qxc6 24. O-O-O Bc5 {1-0 Horvath,J-Jasnikowski,Z/
Haifa 1989/EU-chT (45)}) 14... Rh1 15. Rxh1 Qxh1 16. Qf3 Qxf3 17. Nxf3 e5 18.
Bd3 O-O-O 19. Be4 f6 {1/2-1/2 Ljubojevic,L-Timman,J/Hilversum 1987/CBM 05 (29)}
) (12. Nxc6 Qxc6 13. Qd2 e5 14. O-O-O Be6 {1/2-1/2 Luther,T-Rasik,V/Ostrava
1992/CBM 33 (14)}) 12... Qa5+ 13. c3 $5 (13. Qd2 Qxd2+ 14. Kxd2 Ne5 15. Bf1
Bxh4 16. Rd1 a6 17. f4 Ng6 18. Kc1 e5 19. fxe5 Nxe5 20. Nf5 Bg5 21. Nxg7+ Kf8
22. Bxg5 hxg5 23. Nf5 Bxf5 24. gxf5 g4 {1/2-1/2 Beliavsky,A-Timman,J/
Montpellier 1985/Candidates (32)}) 13... Bd7 (13... Nxd4 {deserved serious
attention here:} 14. Qxd4 (14. Bxd4 $6 e5 15. Be3 (15. b4 $2 Bxb4 $17 (15...
Qc7 $17)) 15... Bxh4 $13) 14... e5 15. Qd2 Bxh4 16. O-O-O $13) 14. Qb3 Nxd4 $6
({Better was} 14... O-O-O 15. O-O-O $14) ({or} 14... Qc7 15. O-O-O $14) 15.
Bxd4 O-O 16. Qxb7 $1 Rfd8 17. a4 Bxh4 18. Qb4 $1 Qxb4 $6 ({The arising ending
is difficult for Black.} 18... Qc7 {was more stubborn, although after} 19. Bxa8
Rxa8 20. O-O-O (20. Qc5 Qf4 $5 (20... Qb7 21. O-O-O) 21. Qe5 $140 $2 Bxf2+ $1)
20... Rb8 21. Qc5 Qb7 22. Rd2 {Black has no sufficient compensation for the
exchange.}) 19. cxb4 {[%csl Ra7][%cal Gg2a8,Gd4a7,Gb4b5,Ga4a5,Gb2b3]} Rac8 (
19... Rab8 20. b5 (20. Bxa7 $2 Rxb4 $36) 20... Bxb5 21. Bxa7) 20. Bxa7 Bf6 $6 (
20... Rc2 $5 {deserved serious attention here.}) 21. b5 Bxb2 $2 ({Again,} 21...
Rc2 {was to be preferred.}) 22. Rd1 e5 23. Bb7 $1 {This continuation yields
White decisive advantage.} Rc2 (23... Rc7 $2 24. Bb6) 24. Rg3 $1 {[%csl Rd7,
Rd8][%cal Gd1d8,Gg3d3] Threatening 25.Rgd3 and 25.Bb6.} (24. Bb6 $2 Bc3+ 25.
Kf1 Bxb5+) 24... Bd4 ({If} 24... Bc3+ {then} 25. Rxc3 Rxc3 26. Bb6 {winning.})
25. Bxd4 exd4 26. Rxd4 Re8+ 27. Re3 Be6 28. a5 {Now the march of the advanced
queenside pawns desides the game.} Rb8 29. a6 Ra2 30. b6 g6 31. Ree4 Ra1+ 32.
Ke2 Bb3 33. Rd7 Ra2+ 34. Ke3 1-0

[Event "Mitropa Cup 19th"]
[Site "Baden"]
[Date "1999.04.01"]
[Round "1"]
[White "Naumann, Alexander"]
[Black "Hebesberger, Thomas"]
[Result "1-0"]
[WhiteElo "2480"]
[BlackElo "2240"]
[PlyCount "85"]
[EventDate "1999.04.??"]
[EventType "team-tourn"]
[EventRounds "9"]
[EventCountry "SUI"]
[Source "ChessBase"]
[SourceDate "1999.08.01"]

1. Nf3 d6 2. d4 Bg4 3. e4 Nf6 4. Nc3 e6 5. h3 Bh5 6. Qe2 c6 7. g4 Bg6 8. h4 h5
9. g5 Nfd7 10. Be3 d5 11. Nd2 Na6 12. a3 Be7 13. Bg2 Nc7 14. O-O dxe4 15. Ndxe4
Nd5 16. Nxd5 cxd5 17. Ng3 Qc7 18. c3 Nb6 19. f4 Qc4 20. Qf2 Bf5 21. Nxf5 exf5
22. Qc2 g6 23. b3 Qc7 24. Rfc1 Bd6 25. Qf2 O-O 26. a4 Rfe8 27. Bd2 a5 28. c4
dxc4 29. bxc4 Bb4 30. c5 Nd7 31. Bxb4 axb4 32. Rcb1 Nb8 33. Rxb4 Nc6 34. Rb6
Rad8 35. d5 Na5 36. Rc1 Qd7 37. Rb5 Ra8 38. Rc2 Qc7 39. Qd2 Ra6 40. d6 Qd8 41.
Bxb7 Nxb7 42. Rxb7 Rxa4 43. d7 1-0

[Event "Mitropa Cup 19th"]
[Site "Baden"]
[Date "1999.04.01"]
[Round "1"]
[White "Olivier, Jean Christophe"]
[Black "Soln, Primoz"]
[Result "1-0"]
[WhiteElo "2421"]
[BlackElo "2425"]
[Annotator "Finkel,A"]
[PlyCount "109"]
[EventDate "1999.04.??"]
[EventType "team-tourn"]
[EventRounds "9"]
[EventCountry "SUI"]
[Source "ChessBase"]
[SourceDate "1999.08.01"]

1. e4 e6 2. d4 d5 3. Nc3 Nf6 4. Bg5 Be7 5. e5 Nfd7 6. Bxe7 Qxe7 7. f4 a6 8. Nf3
c5 9. dxc5 Nc6 10. Bd3 Nxc5 11. O-O Nxd3 (11... b5 12. Ne2 Bb7 (12... Bd7 13.
Ned4 b4 14. Qd2 Nxd3 15. Qxd3 O-O 16. a3 Nxd4 17. Qxd4 Bb5 $132 {Zimmersmann,
R-Meszaros,G/HUN-chT 1993}) 13. Ned4 Rc8 14. f5 Nxd4 15. Nxd4 Qh4 16. c3 Qh6
17. Rf3 Rc7 18. Qe2 Bc8 19. f6 g6 20. Bc2 $14 {Knox,V-Saunders,W/BCF-ch 1993})
(11... Bd7 12. Ne2 Nxd3 13. cxd3 Rc8 14. Qd2 Qb4 15. a3 Qb6+ 16. Kh1 O-O 17.
Rac1 $14 {Schmenger,F-Klaus,D/Schwaebisch Gmuend op 1997}) 12. cxd3 (12. Qxd3
Qb4 13. Ne2 Bd7 14. c3 Qe7 15. Kh1 Na5 16. Ned4 O-O-O 17. b4 $14 {Arold,
G-Besel,W/NRW-II 1993}) 12... O-O (12... Qb4 13. Qd2 Bd7 14. Kh1 Rc8 15. Rac1
O-O 16. a3 Qe7 $132 {Kokanovic,K-Mijatovic,A/JUG-chW 1990}) (12... g6 13. Qd2
Bd7 14. Rac1 b5 15. Nd1 Rc8 16. Nf2 h5 17. d4 $14 {Schmittdiel,E-Pieper,H/
Hagen Hohenlimburg op 1978}) 13. Qd2 $5 (13. d4 f5 14. exf6 Qxf6 15. Ne5 Nxe5
16. fxe5 Qxf1+ 17. Qxf1 Rxf1+ 18. Rxf1 $14 {Eilertsen,J-Hanssen,J/Gausdal Int
1987}) 13... f5 14. exf6 (14. Rac1 Bd7 (14... d4 $2 {[%csl Rd4]} 15. Na4 Bd7
16. Nb6 Rad8 17. Nc4 $16 {[%csl Rd4][%cal Gc4d6]}) 15. Ne2 $5 Rfc8 16. Ned4 b6
17. Rc2 a5 18. Rfc1 Nxd4 19. Nxd4 Rxc2 20. Rxc2 Rc8 $14) 14... Qxf6 15. g3 Bd7
(15... b5 16. Rfe1 b4 17. Na4 Nd4 18. Nxd4 Qxd4+ 19. Qe3 Qxe3+ 20. Rxe3 $14)
16. Rae1 d4 17. Na4 (17. Ne4 Qf5 18. Nd6 Qd5 19. Nc4 Rad8 20. Nfe5 $14) 17...
Rad8 18. Nb6 Be8 19. Ng5 $5 Bf7 20. Nc4 Rd5 $5 21. Rf2 {[%csl Re6][%cal Gf2e2]}
h6 22. Nxf7 (22. Ne4 $6 Qe7 23. Nb6 Rdd8 $132 {[%cal Gf7g6,Gg6f5]}) 22... Rxf7
23. Rfe2 Nd8 (23... Re7 24. Re4 b5 $6 25. Na5 $1 Nd8 (25... Nxa5 26. Qxa5 e5
27. Qd2 Rc5 28. Qe2 $16 {[%cal Ge4e7,Ge1e7]}) 26. Qc2 $16 {[%csl Ra6][%cal
Gc2c8]}) 24. Re5 $1 {[%csl Rd4]} (24. Ne5 Rc7 25. Rc1 Qe7 26. Rxc7 Qxc7 27. Qd1
Rc5 $14) 24... Rxe5 25. Nxe5 Rc7 26. Kg2 Qe7 27. Qf2 Qc5 28. Nf3 Qd5 29. a3 Nc6
30. h4 $5 {[%cal Ge1e4,Gg2h3,Gf3d4]} (30. Re4 a5 31. Nxd4 $6 Nxd4 32. Qxd4 Qxd4
33. Rxd4 Rc2+ $11) 30... Re7 (30... Qb3 $5 31. Qe2 (31. Nxd4 $6 Nxd4 32. Qxd4
Rc2+ 33. Kh3 Qxb2 $11) 31... Kh8 32. Kh3 a5 33. Ne5 $36) 31. Re4 e5 $6 (31...
Rd7 $5 32. Kh2 b6 33. Qe2 Kf7 34. g4 $14) 32. fxe5 Nxe5 33. Qxd4 Qxd4 34. Nxd4
Rd7 $8 35. Rxe5 $14 Rxd4 36. Re3 Kf7 37. Kf2 g5 $2 (37... Kf6 $5 38. Rf3+ Ke6
$1 (38... Ke5 $6 39. Rf7 $1 (39. Ke3 $6 Rg4 $1 $14) 39... b5 $1 40. Ke3 Rg4 41.
Kf3 Rd4 42. Rxg7 Rxd3+ 43. Kg4 $16 {[%csl Rh6]}) 39. Ke3 Rg4 $14) 38. hxg5 hxg5
39. Ke2 Kf6 40. Re4 $18 Rd7 41. Rb4 (41. g4 $5) 41... b5 42. Re4 Rh7 43. Kd2
Rh2+ 44. Re2 Rh3 45. Re3 a5 (45... Kf5 46. d4 Kg4 47. Kd3 Kf5 48. d5 $18) 46.
d4 {[%cal Gd4d5,Gd2d4]} b4 47. axb4 axb4 48. Kd3 Rh2 49. b3 g4 50. d5 Rh1 51.
Re4 Rd1+ 52. Kc4 Kf5 53. Rd4 Rc1+ 54. Kxb4 Ke5 55. d6 1-0

[Event "Mitropa Cup 19th"]
[Site "Baden"]
[Date "1999.04.01"]
[Round "1"]
[White "Palac, Mladen"]
[Black "Sax, Gyula"]
[Result "1/2-1/2"]
[WhiteElo "2589"]
[BlackElo "2524"]
[PlyCount "33"]
[EventDate "1999.04.??"]
[EventType "team-tourn"]
[EventRounds "9"]
[EventCountry "SUI"]
[Source "ChessBase"]
[SourceDate "1999.08.01"]

1. e4 c5 2. Nf3 e6 3. d4 cxd4 4. Nxd4 Nf6 5. Nc3 d6 6. Be3 Nc6 7. Be2 a6 8. O-O
Be7 9. f4 Qc7 10. Kh1 O-O 11. Qe1 Nxd4 12. Bxd4 b5 13. a3 Bb7 14. Qg3 Bc6 15.
Rae1 Qb7 16. Bd3 b4 17. axb4 1/2-1/2

[Event "Mitropa Cup 19th"]
[Site "Baden"]
[Date "1999.04.01"]
[Round "1"]
[White "Polak, Tomas"]
[Black "Pelletier, Yannick"]
[Result "1/2-1/2"]
[WhiteElo "2488"]
[BlackElo "2483"]
[Annotator "Krasenkow,M"]
[PlyCount "50"]
[EventDate "1999.04.??"]
[EventType "team-tourn"]
[EventRounds "9"]
[EventCountry "SUI"]
[Source "ChessBase"]
[SourceDate "1999.08.01"]

1. d4 Nf6 2. c4 g6 3. Nc3 d5 4. cxd5 Nxd5 5. e4 Nxc3 6. bxc3 Bg7 7. Nf3 c5 8.
Rb1 O-O 9. Be2 Nc6 10. d5 Ne5 11. Nxe5 Bxe5 12. Qd2 e6 13. f4 Bc7 14. O-O exd5
15. exd5 Ba5 16. f5 {This leads to sharp play but is not very promising for
White.} Bxf5 17. Rxb7 Qf6 {The most active move.} (17... c4 18. Ba3 Qc8 19. Rb5
Bb6+ 20. Rxb6 axb6 21. Bxf8 Qxf8 22. Bxc4 Qc5+ 23. Qd4 Qxd4+ 24. cxd4 $14 {1-0
Spacek,P-Schulze,U/BL2-S 1993 (30)}) (17... Qd6 18. Rb5 (18. Bc4 Rfb8 (18...
Rae8 19. Rxa7 Bb6 20. Ra6 Bc8 21. Ra8 Bc7 22. Qf4 $16 {1-0 Jelen,I-Borge,N/
FSGM Aug 1998 (30)})) 18... Bc7 19. g3 c4 20. Rxf5 gxf5 21. Ba3 Qxa3 {1/2-1/2
Kiriakov,P-Mikhalevski,V/Dutch Open, Dieren NED 1997}) 18. Bb2 {As White can't
push c3-c4, this bishop will be placed passively.} (18. Rf3 $5 h5 {Chernin} (
18... c4 19. g4 $1 (19. Bxc4 Rac8 $132) (19. Ba3 Rfe8 20. d6 Bb6+ 21. Kh1 Qe6
22. Re7 Rxe7 23. dxe7 Re8 24. Qh6 Rxe7 25. Bxe7 (25. Bxc4 Qe1+ 26. Rf1 Qe3 27.
Qxe3 Rxe3 $15 {Chernin,A-Tseitlin,M/Beersheba 1992/0-1 (43)}) 25... Qxe7 26.
Bf1 Qe1 $44) 19... Qa6 20. gxf5 Qxb7 21. f6)) 18... Rfb8 (18... Qe5 $5 19. Bf3
(19. d6 $5 Rab8 20. Re7) (19. Bc4 Rfb8 20. Rb3) 19... c4 20. Re1 Qd6 21. Qe2
Rab8 $15 {1/2-1/2 Halkias,S-Bagirov,R/EuYouth U18 Boys, Tallinn EST 1997 (40)})
19. Rb3 {[%cal Rc3c4]} (19. Rb5 c4 20. Rxb8+ Rxb8 21. Kh1 Qe5 22. d6 Rd8 23.
Ba3 {1/2-1/2 Shulman,Y-Pelletier,Y/WchJM-U20 Halle 1995}) 19... Qd6 20. Ba3 $1
{White takes an opportunity to activate his bishop and press the c5 pawn but
eventually can't defend his own d5 pawn.} Rxb3 21. axb3 Be4 22. Bc4 (22. Qe3
Bc7 23. g3 Bxd5) (22. Bf3 $5 Bxf3 (22... f5 $5) 23. Rxf3 Rb8 24. Qd1 Re8 $132)
22... Rd8 23. Qf2 (23. Rd1 $6 Bc7 24. g3 Bf3) 23... Bxd5 24. Bxc5 Qc7 25. Bd4
Bb6 1/2-1/2

[Event "Mitropa Cup 19th"]
[Site "Baden"]
[Date "1999.04.01"]
[Round "1"]
[White "Stangl, Markus"]
[Black "Lehner, Oliver"]
[Result "0-1"]
[WhiteElo "2545"]
[BlackElo "2408"]
[Annotator "Alterman,B"]
[PlyCount "64"]
[EventDate "1999.04.??"]
[EventType "team-tourn"]
[EventRounds "9"]
[EventCountry "SUI"]
[Source "ChessBase"]
[SourceDate "1999.08.01"]

1. Nf3 c5 2. c4 Nc6 3. d4 cxd4 4. Nxd4 g6 5. e4 Bg7 6. Nc2 Nf6 7. Nc3 O-O 8.
Be2 d6 9. O-O Ne8 (9... Bd7 10. Bg5 (10. Ne3 Rc8 11. Rb1 Ne8 12. Qd2 f5 13.
exf5 Bxf5 14. Nxf5 Rxf5 15. Bg4 Qa5 16. Bxf5 Qxf5 17. Qd5+ Qxd5 18. Nxd5 e6 19.
Ne3 Nf6 20. Rd1 {1-0 Dunkelblum,A-Philippe,G/Amsterdam olm 1954/MCD-ol (26)}) (
10. f3 Ne8 11. Be3 f5 12. c5 Be6 13. exf5 gxf5 14. Qe1 Qa5 15. cxd6 Nxd6 16. f4
Nc4 17. Bc1 Nxb2 18. Nb5 Qxe1 19. Rxe1 Na4 20. Nc7 {1/2-1/2 Koblencs,
A-Bezrucko,G/Kemeri 1939/HCL 14 (29)}) 10... Qa5 11. Qd2 Rfc8 12. Rad1 (12.
Rfd1 Ne5 13. Ne3 Nf3+ 14. Bxf3 Qxg5 15. e5 Qxe5 16. Bxb7 Bc6 17. Bxa8 Bxa8 18.
Re1 Qf4 19. Rad1 {1-0 Trifunovic,P-Bobotsov,M/Noordwijk 1965/MCD-r6 (24)})
12... Be6 13. Kh1 a6 14. a3 Rab8 15. b4 Qd8 16. f4 b5 17. cxb5 axb5 18. Ne3 Nd4
19. Qxd4 Nd5 20. Ncxd5 Bxd4 21. Nxe7+ Qxe7 22. Bxe7 Bxe3 23. Bxd6 Rb7 24. Rf3
Ba7 25. f5 Bc4 26. Rc3 Rd7 27. fxg6 {1-0 Kortschnoj,V-Lepeshkin,V/URS-ch33
1965/URS-ch}) 10. Bd2 Nc7 11. Kh1 f5 12. exf5 Bxf5 13. Ne3 $6 (13. Rc1 Ne6 $140
14. Be3 Kh8 15. Qd2 $14) 13... Bd7 14. f4 Nd4 15. Bd3 $6 {White keep all
pieces on the board but  to change some of them was right , because they had
no coordination at all.} (15. Bg4) 15... Nce6 16. Ncd5 Nc5 17. Bc3 e6 18. Bb1
e5 19. Qd2 Rc8 20. Bd3 Qh4 21. g3 Qd8 22. Rae1 Bc6 {[%cal Rc6h1]} 23. Bb1 b5 {
[%csl Rd5]} 24. b3 bxc4 25. bxc4 Qd7 {Black gets very strong pressure on the
centre and white's King is not safe.} 26. Rf2 (26. Nc2 Bxd5+ $1 27. cxd5 Nxc2
28. Bxc2 exf4 29. Bxg7 Qxg7 30. Rxf4 Qb2 {With the advantage for black.}) 26...
Rce8 27. Ref1 exf4 28. Bxd4 fxe3 29. Rxf8+ Bxf8 30. Bxe3 Qe6 31. Re1 $4 (31.
Rf3 Bg7 $15) 31... Bh6 {Perhaps White missed this strong intermediate move.
Now all is over.} 32. Kg1 Bxd5 0-1

[Event "Mitropa Cup 19th"]
[Site "Baden"]
[Date "1999.04.01"]
[Round "1"]
[White "Tratar, Marko"]
[Black "Boyd, Stephen"]
[Result "1/2-1/2"]
[WhiteElo "2450"]
[BlackElo "2370"]
[PlyCount "155"]
[EventDate "1999.04.??"]
[EventType "team-tourn"]
[EventRounds "9"]
[EventCountry "SUI"]
[Source "ChessBase"]
[SourceDate "1999.08.01"]

1. Nf3 g6 2. d4 Nf6 3. c4 Bg7 4. Nc3 d6 5. e4 O-O 6. Be2 e5 7. O-O Nc6 8. d5
Ne7 9. Nd2 a5 10. Rb1 Bd7 11. b3 c5 12. a3 Ne8 13. b4 axb4 14. axb4 b6 15. bxc5
bxc5 16. Qb3 Nc7 17. Nf3 Rb8 18. Qc2 Rxb1 19. Qxb1 Qb8 20. Bd2 Qa7 21. Bd3 Rb8
22. Qa1 Qxa1 23. Rxa1 Nc8 24. Ne1 h5 25. Kf1 Kh7 26. Rb1 Rxb1 27. Nxb1 Bh6 28.
Ba5 Na8 29. Ke2 Kg7 30. Nc3 Kf8 31. Bc2 Nab6 32. Bb3 Ke8 33. Nd3 Bg5 34. Nd1
Bg4+ 35. f3 Bd7 36. N1b2 Ke7 37. Be1 Kf8 38. g3 Be7 39. Bd2 Kg7 40. Bc3 f6 41.
f4 Be8 42. h4 Kf7 43. Be1 Bd7 44. Ke3 Bh3 45. Bd1 Bd7 46. Nc1 Bf8 47. Kf2 Bh6
48. Ncd3 Bf8 49. Bd2 Be7 50. Kg2 Bf8 51. Ne1 Be7 52. Nc2 Na4 53. Nd3 Nab6 54.
Ne3 Bf8 55. Nb2 Bh6 56. Nf1 Bf8 57. Bc2 Bg4 58. Ne3 Bd7 59. Bd1 Ne7 60. Ba5
Nec8 61. Be2 Bh6 62. Kf3 Bf8 63. Kf2 Bh6 64. f5 Bxe3+ 65. Kxe3 gxf5 66. Bxh5+
Kg7 67. exf5 Bxf5 68. Be2 Bb1 69. g4 f5 70. gxf5 Bxf5 71. Nd1 Bc2 72. Kd2 Bb3
73. Ne3 Kf6 74. Bd3 Ba4 75. Ng4+ Kf7 76. Nf2 Ke7 77. h5 Kf7 78. Ne4 1/2-1/2